El navajerito (Record no. 180048)

MARC details
000 -LEADER
campo de control de longitud fija 00744nam a2200181 i 4500
001 - NÚMERO DE CONTROL
campo de control 180048
003 - IDENTIFICADOR DE NÚMERO DE CONTROL
campo de control ES-MaACL
005 - FECHA Y HORA DE LA ÚLTIMA TRANSACCIÓN
campo de control 20230906220957.0
008 - DATOS DE LONGITUD FIJA--INFORMACIÓN GENERAL
campo de control de longitud fija 120403s1955 sp |||| | spa d
080 ## - NÚMERO DE LA CLASIFICACIÓN DECIMAL UNIVERSAL
Número de la Clasificación Decimal Universal 821.134.2-223"19"
100 1# - ENTRADA PRINCIPAL--NOMBRE DE PERSONA
Nombre de persona Gómez Latorre, Adelino.
9 (RLIN) 58008
245 13 - MENCIÓN DEL TÍTULO
Título El navajerito
Resto del título : (sainete cómico en un acto) /
Mención de responsabilidad, etc. A. Gómez Latorre y J. Tolosa de la Cariñana.
260 ## - PUBLICACIÓN, DISTRIBUCIÓN, ETC.
Lugar de publicación, distribución, etc. [Valencia] :
Nombre del editor, distribuidor, etc. Genovés,
Fecha de publicación, distribución, etc. [1955]
300 ## - DESCRIPCIÓN FÍSICA
Extensión 35 p. ;
Dimensiones 17 cm.
594 ## - Nota al título y mención de responsabilidad
Nota al título y mención de responsabilidad En port.: Estrenado en Barcelona, por el Teatro de Cámara, el 28 de diciembre de 1954.
700 1# - ENTRADA AGREGADA--NOMBRE PERSONAL
Nombre de persona Tolosa de la Cariñana, José.
9 (RLIN) 110483
852 ## - LOCALIZACIÓN
Ubicación ES-MaACL
Número de control de estantería 2309-F-8
Nota libre . - Donativo Luis de Madariaga
-- . - Dedicatoria autógrafa del autor a Luis de Madariaga
Holdings
Estatus retirado Estado de pérdida Estado de daño No para préstamo Colección Biblioteca de origen Biblioteca actual Ubicación en estantería Fecha de adquisición Fuente de adquisición Total de préstamos Signatura topográfica completa Código de barras Visto por última vez Precio de reemplazo Tipo de ítem Koha
        Colección de folletos Biblioteca del Ateneo de Madrid Biblioteca del Ateneo de Madrid Depósito folletos 03/04/2012     2309-F-8 1189174 23/02/2023 23/02/2023 Folleto